header

Clinical decisions and laboratory use (Record no. 39547)

MARC details
000 -LEADER
fixed length control field 01560nam a2200385 a 4500
082 04 - DEWEY DECIMAL CLASSIFICATION NUMBER
Classification number 616
245 00 - TITLE STATEMENT
Title Clinical decisions and laboratory use
260 ## - PUBLICATION, DISTRIBUTION, ETC. (IMPRINT)
Place of publication Minneapolis :
Name of publisher University of Minnesota Press,
Year of publication c1982.
300 ## - PHYSICAL DESCRIPTION
Number of Pages xv, 355 p. :
Other physical details ill.
490 1# - SERIES STATEMENT
Series statement Publications in the health sciences
Series statement University of Minnesota continuing medical education ;
650 #0 - SUBJECT ADDED ENTRY--TOPICAL TERM
Topical Term Clinical medicine
Topical Term Medical laboratories
Topical Term Diagnosis, Laboratory.
700 1# - ADDED ENTRY--PERSONAL NAME
Personal name Connelly, Donald P.
856 40 - ELECTRONIC LOCATION AND ACCESS
Uniform Resource Identifier http://site.ebrary.com/lib/rucke/Doc?id=10231151

No items available.

© 2026 Rongo University
Contact us: librarian | system librarian | Rongo university